| 000 | 00771nam a22002057a 4500 | ||
|---|---|---|---|
| 999 |
_c17305 _d17305 |
||
| 003 | AR-CdUCM | ||
| 008 | 190508b ||||| |||| 00| 0 spa d | ||
| 040 |
_aMUNICIPALIDAD PROVINCIAL DEL CUSCO _cBIBLIOTECA MUNICIPAL DEL CUSCO |
||
| 082 |
_a861.6 / _bF65 |
||
| 100 |
_aFlores, Angel _931048 |
||
| 245 |
_aPoesia feminista del mundo hispánico desde la edad media hasta la actualidad : _bantología crítica / |
||
| 260 |
_aMéxico : _bSiglo veintiuno, _c1984. |
||
| 300 |
_a285 páginas ; _c18 cm. |
||
| 505 | _aContenido: Canciones y romances -- Florencia Pinar -- Marcia belisaria -- Juana de Asbaje... | ||
| 650 |
_aPoesía _9139 |
||
| 650 |
_aPoemas mexicanos _937240 |
||
| 650 |
_aAutores sudamericanos _937241 |
||
| 942 |
_2ddc _cLIBROS |
||
| 945 |
_adavv _d08/05/2019 |
||